000 00714nas a2200253 4500
001 BR9702700
003 BR-BrBNA
005 20231205100226.0
007 ta
008 230509b bl.|||p| |||| 00| 00por d
040 _aBR-BrBNA
_bpor
_cBiblioteca Nacional de Agricultura
041 _a(Pt)
072 _aL01
100 1 _aYassu, F.
245 1 _aEficiencia; como fazer dinheiro para investir na atividade
650 _aTecnologia
650 _aPastagem
650 _aProducao Animal
650 _aEficiencia Reprodutiva
650 _aRentabilidade
773 0 _tDBO Rural (Brazil)
_x
_g(Feb 1997), v. 15(196-A) p. 50-62
_wBR9702700
909 _a202311
_bLúcia
_c55
_dLúcia Elande
942 _2AGRIS
_n0
_cANA
999 _c154834
_d154834